000 01570nam a2200229Ia 4500
003 OSt
005 20260606093809.0
008 210210b2001 xxu||||| |||| 00| 0 eng d
020 _a81 7286 237 7
040 _cAL
041 _aKannada
082 _a780.954K BHAT
100 _aBHARATA-BHARATI SANGEETHA SEVA PRATHISHTANA (Nom).
_dಭಾರತ-ಭಾರತಿ ಸಂಗೀತ ಸೇವಾ ಪ್ರತಿಷ್ಠಾನ
_9265390
245 _aThyagaraja yoga vaibhavam, Shree Thyagaraja vishwakosha samputa- 2.
_bತ್ಯಾಗರಾಜ ಯೋಗ ವೈಭವಮ್, ಶ್ರೀ ತ್ಯಾಗರಾಜ ವಿಶ್ವಕೋಶ ಸಂಪುಟ- ೨
260 _aBengaluru.
_bPrism Books Pvt, Ltd.,
_c2001
300 _a264
520 _aಮಹಾನ್ ಕೃತಿಪ್ರಕಾರಗಳ ಸಂಯೋಜಕರಾದ ಶ್ರೀ ತ್ಯಾಗರಾಜರ ಜೀವನ ಮತ್ತು ಸಂಗೀತ ಸಾಧನೆಯನ್ನು ಕುರಿತಾದ ಸಮಗ್ರ ವಿಶ್ವಕೋಶದ ಎರಡನೇ ಸಂಪುಟ ಇದಾಗಿದೆ. ಈ ಭಾಗದಲ್ಲಿ ಅವರ ಅಪೂರ್ವ ಕೃತಿಗಳು, ರಾಗ ಸಂಯೋಜನೆಗಳು ಮತ್ತು ಕರ್ನಾಟಕ ಸಂಗೀತಕ್ಕೆ ಅವರು ನೀಡಿದ ಕೊಡುಗೆಗಳ ಆಳವಾದ ವಿಶ್ಲೇಷಣೆ ಇದೆ.
650 _aಸಂಗೀತ, ಕಲೆ ಮತ್ತು ಸಾಂಸ್ಕೃತಿಕ ಸಂಶೋಧನಾ ಗ್ರಂಥ.
_9265391
690 _aMusic
_9265392
906 _a057280
942 _2ddc
_cBK
999 _c104575
_d104575